The business of events management / (Record no. 170390)
[ view plain ]
| 000 -LEADER | |
|---|---|
| fixed length control field | 00736nam a2200217 4500 |
| 005 - DATE AND TIME OF LATEST TRANSACTION | |
| control field | 20191213160030.0 |
| 010 ## - LCCN (DPL NO) | |
| LC control number | ENG-127137 |
| 020 ## - INTERNATIONAL STANDARD BOOK NUMBER | |
| International Standard Book Number | 9789353940348 |
| Terms of availability | 475.00 |
| 035 ## - SYSTEM CONTROL NUMBER | |
| System control number | EN-110669 |
| 037 ## - SOURCE OF ACQUISITION | |
| Source of stock number/acquisition | DBAD/PUB |
| 082 ## - DEWEY DECIMAL CLASSIFICATION NUMBER | |
| Classification number | 658 |
| 100 ## - MAIN ENTRY--PERSONAL NAME | |
| Personal name | Beech, John |
| 245 ## - TITLE STATEMENT | |
| Title | The business of events management / |
| Remainder of title | ed.by John Beech, Sebastian Kaiser [and] Robert Kaspar |
| 260 ## - PUBLICATION, DISTRIBUTION, ETC. (IMPRINT) | |
| Place of publication, distribution, etc | Noida |
| Name of publisher, distributor, etc | Pearson India Education |
| Date of publication, distribution, etc | 2020 |
| 270 ## - ADDRESS | |
| Address | 15th Floor, Tower-b, World Trade Tower, Plot No.-1, Block -C, Sector 16 |
| City | Noida |
| Postal code | 201301 |
| 300 ## - PHYSICAL DESCRIPTION | |
| Extent | xxii;391p. |
| Dimensions | 24cm(pbk) |
| 500 ## - GENERAL NOTE | |
| General note | Includes bibliographical references and index |
| 700 ## - ADDED ENTRY--PERSONAL NAME | |
| Personal name | Kaiser, Sebastian |
| 700 ## - ADDED ENTRY--PERSONAL NAME | |
| Personal name | Kaspar, Robert |
| 942 ## - ADDED ENTRY ELEMENTS (KOHA) | |
| Source of classification or shelving scheme | Dewey Decimal Classification |
| Item type | English Books |
| Classification part | 658 |
| Call number suffix | BEE |
| Withdrawn status | Lost status | Not for loan | Collection code | Home library | Current library | Date acquired | Source of acquisition | Cost, normal purchase price | Full call number | Barcode | Copy number | Cost, replacement price | Koha item type |
|---|---|---|---|---|---|---|---|---|---|---|---|---|---|
| Non-fiction | Sarojini Nagar | Sarojini Nagar | 13/12/2019 | DBAD/PUB | 475.00 | 658 BEE | EN-110669 | 1 | 475.00 | English Books |
